Christianity and suffering : (Record no. 43480)
[ view plain ]
| 000 -LEADER | |
|---|---|
| fixed length control field | 01896cam a2200517Ki 4500 |
| 001 - CONTROL NUMBER | |
| control field | 1021810532 |
| 003 - CONTROL NUMBER IDENTIFIER | |
| control field | OCoLC |
| 005 - DATE AND TIME OF LATEST TRANSACTION | |
| control field | 20180921112025.0 |
| 006 - FIXED-LENGTH DATA ELEMENTS--ADDITIONAL MATERIAL CHARACTERISTICS--GENERAL INFORMATION | |
| fixed length control field | m o d |
| 007 - PHYSICAL DESCRIPTION FIXED FIELD--GENERAL INFORMATION | |
| fixed length control field | cr cn ---auuuu |
| 008 - FIXED-LENGTH DATA ELEMENTS--GENERAL INFORMATION | |
| fixed length control field | 180203t20172017enkm ob w000 0 eng d |
| 020 ## - INTERNATIONAL STANDARD BOOK NUMBER | |
| International Standard Book Number | 9781783683611 |
| 020 ## - INTERNATIONAL STANDARD BOOK NUMBER | |
| International Standard Book Number | 1783683619 |
| 020 ## - INTERNATIONAL STANDARD BOOK NUMBER | |
| International Standard Book Number | 9781783683635 |
| 020 ## - INTERNATIONAL STANDARD BOOK NUMBER | |
| International Standard Book Number | 1783683635 |
| 035 ## - SYSTEM CONTROL NUMBER | |
| System control number | (OCoLC)1021810532 |
| 040 ## - CATALOGING SOURCE | |
| Original cataloging agency | EBLCP |
| Language of cataloging | eng |
| Description conventions | rda |
| Transcribing agency | EBLCP |
| Modifying agency | N$T |
| -- | YDX |
| -- | OCLCF |
| -- | OL$ |
| 043 ## - GEOGRAPHIC AREA CODE | |
| Geographic area code | f------ |
| 092 ## - LOCALLY ASSIGNED DEWEY CALL NUMBER (OCLC) | |
| Classification number | - |
| 100 ## - MAIN ENTRY--PERSONAL NAME | |
| Personal name | general editor Reed, Rodney L. |
| 245 00 - TITLE STATEMENT | |
| Title | Christianity and suffering : |
| Remainder of title | African perspectives / |
| Statement of responsibility, etc | general editor, Rodney L. Reed. |
| 260 ## - PUBLICATION, DISTRIBUTION, ETC. (IMPRINT) | |
| Place of publication, distribution, etc | Carlisle, Cumbria, UK : |
| Name of publisher, distributor, etc | Langham Global Library, |
| Date of publication, distribution, etc | c2017. |
| 300 ## - PHYSICAL DESCRIPTION | |
| Extent | 1 online resource (xiii, 247 pages) : |
| Other physical details | illustrations. |
| 336 ## - CONTENT TYPE | |
| Content Type Term | text |
| 337 ## - MEDIA TYPE | |
| Media Type Term | unmediated |
| 338 ## - CARRIER TYPE | |
| Carrier Type Term | volume |
| 490 1# - SERIES STATEMENT | |
| Series statement | ASET series. |
| 500 ## - GENERAL NOTE | |
| General note | "Published in partnership with the Africa Society of Evangelical Theology"--Title page verso. |
| 504 ## - BIBLIOGRAPHY, ETC. NOTE | |
| Bibliography, etc | Includes bibliographical references. |
| 538 ## - SYSTEM DETAILS NOTE | |
| System details note | Mode of access: World Wide Web. |
| 590 ## - LOCAL NOTE (RLIN) | |
| Local note | 888. |
| 650 #0 - SUBJECT ADDED ENTRY--TOPICAL TERM | |
| Topical term or geographic name as entry element | Christianity |
| Geographic subdivision | Africa. |
| 650 #0 - SUBJECT ADDED ENTRY--TOPICAL TERM | |
| Topical term or geographic name as entry element | Suffering |
| General subdivision | Religious aspects |
| -- | Christianity. |
| 650 #0 - SUBJECT ADDED ENTRY--TOPICAL TERM | |
| Topical term or geographic name as entry element | Witchcraft |
| Geographic subdivision | Africa. |
| 650 #0 - SUBJECT ADDED ENTRY--TOPICAL TERM | |
| Topical term or geographic name as entry element | Good and evil |
| General subdivision | Religious aspects |
| -- | Christianity. |
| 650 #0 - SUBJECT ADDED ENTRY--TOPICAL TERM | |
| Topical term or geographic name as entry element | Death |
| General subdivision | Religious aspects |
| -- | Christianity. |
| 650 #0 - SUBJECT ADDED ENTRY--TOPICAL TERM | |
| Topical term or geographic name as entry element | Future life. |
| 655 #0 - INDEX TERM--GENRE/FORM | |
| Genre/form data or focus term | Electronic books. |
| 700 1# - ADDED ENTRY--PERSONAL NAME | |
| Personal name | Reed, Rodney L., |
| Relator term | editor. |
| 710 2# - ADDED ENTRY--CORPORATE NAME | |
| Corporate name or jurisdiction name as entry element | Africa Society of Evangelical Theology, |
| Relator term | issuing body. |
| 710 2# - ADDED ENTRY--CORPORATE NAME | |
| Corporate name or jurisdiction name as entry element | EBSCO Publishing (Firm) |
| 730 0# - ADDED ENTRY--UNIFORM TITLE | |
| Uniform title | EBSCOhost eBook Collection. |
| 830 #0 - SERIES ADDED ENTRY--UNIFORM TITLE | |
| Uniform title | ASET series. |
| 856 40 - ELECTRONIC LOCATION AND ACCESS | |
| Public note | View full-text e-book at EBSCOhost. <BR> Access restricted to Unisa staff and students |
| Uniform Resource Identifier | <a href="http://0-search.ebscohost.com.oasis.unisa.ac.za/login.aspx?direct=true&scope=site&db=nlebk&db=nlabk&AN=1697648 ">http://0-search.ebscohost.com.oasis.unisa.ac.za/login.aspx?direct=true&scope=site&db=nlebk&db=nlabk&AN=1697648 </a> |
| 942 ## - ADDED ENTRY ELEMENTS (KOHA) | |
| Source of classification or shelving scheme | Library of Congress Classification |
| Item type | Books |
| Withdrawn status | Lost status | Source of classification or shelving scheme | Damaged status | Not for loan | Home library | Current library | Shelving location | Date acquired | Source of acquisition | Inventory number | Total Checkouts | Full call number | Barcode | Date last seen | Price effective from | Koha item type |
|---|---|---|---|---|---|---|---|---|---|---|---|---|---|---|---|---|
| Library of Congress Classification | BSOP Library | BSOP Library | GC | 09/21/2018 | Langham | 43036 | BT732.7 C46 2017 | 00054036 | 09/21/2018 | 09/21/2018 | Books |
